Visualizzazione normale
Vista MARC
- Gius Aquilanti
di Personal Name
Records bibliografici associati: 1
001 - CONTROL NUMBER
- control field: 36375
003 - CONTROL NUMBER IDENTIFIER
- control field: IT-RoPau
005 - DATE AND TIME OF LATEST TRANSACTION
- control field: 20151102203743.0
008 - FIXED-LENGTH DATA ELEMENTS
- fixed length control field: 151102|| aca||aabn | a|a d
040 ## - CATALOGING SOURCE
- Original cataloging agency: IT-RoPau
- Transcribing agency: IT-RoPau
100 ## - HEADING--PERSONAL NAME
- Personal name: Gius Aquilanti
670 ## - SOURCE DATA FOUND
- Source citation: Work cat.: (IT-RoPau)443: Gius Aquilanti, La dignità della persona umana nel magistero di Pio XII, 1969